Normal view MARC view

Entry Topical Term

Number of records used in: 1

001 - CONTROL NUMBER

  • control field: 3960

003 - CONTROL NUMBER IDENTIFIER

  • control field: IIITDM

005 - DATE AND TIME OF LATEST TRANSACTION

  • control field: 20260504155728.0

008 - FIXED-LENGTH DATA ELEMENTS

  • fixed length control field: 260504|| aca||aabn | a|a d

040 ## - CATALOGING SOURCE

  • Original cataloging agency: IIITDM
  • Transcribing agency: IIITDM

150 ## - HEADING--TOPICAL TERM

  • Topical term or geographic name as entry element: Machining processes etc

670 ## - SOURCE DATA FOUND

  • Source citation: Work cat.: (IIITDM)5612: Ghosh, Amitabha. 3957, Manufacturing Science, 2022

OPAC Designed and Maintained by IIITDM Library Team.
Copyright © IIITDM Kancheepuram Library

.